| 000 | 01094nam a22002777a 4500 | ||
|---|---|---|---|
| 999 |
_c22210 _d22210 |
||
| 003 | AR-CdUCM | ||
| 008 | 190425b ||||| |||| 00| 0 spa d | ||
| 040 |
_aMUNICIPALIDAD PROVINCIAL DEL CUSCO _cBIBLIOTECA MUNICIPAL DEL CUSCO |
||
| 082 | _aChillico/N°21/2007 | ||
| 245 |
_aCh´illico : _bhumor caricatura historia y arte / _cCésar Aguilar Peña, Director |
||
| 260 |
_aLima. _bCh´illico, _bSánchez _c2007. |
||
| 300 |
_a34 páginas. : _bilustraciones ; _c30 cm. |
||
| 440 |
_aCh´illico. _nN°21, mayo-junio 2007. _947652 |
||
| 505 | _aContenido: El proimperealismo del APRA. -- Devoción y vocación del robo. -- El concordato y las golleras católicas. -- La tuna educativa. --Feliciano Padilla Chalco. | ||
| 650 |
_aHumor _92515 |
||
| 650 |
_aCaricatura _926790 |
||
| 650 |
_aHistorieta _931942 |
||
| 650 |
_aCómic _934241 |
||
| 650 |
_aPolítica peruana _91676 |
||
| 700 |
_aAguilar Peña, César _94585 |
||
| 700 |
_aVivanco Luna, César A _947649 |
||
| 700 |
_aHurtado Trujillo, Hernán _947651 |
||
| 700 |
_aPortilla Salas, Hernán _947653 |
||
| 942 |
_2ddc _cPP |
||
| 945 | _arac | ||